| 000 | 01810cam a22004454a 4500 | ||
|---|---|---|---|
| 999 |
_c4307 _d4307 |
||
| 001 | 14861113 | ||
| 003 | GZU | ||
| 005 | 20210315120705.0 | ||
| 008 | 070516s2008 nyua b 001 0 eng | ||
| 010 | _a 2007020687 | ||
| 020 | _a9780071411899 (set : pbk. : alk. paper) | ||
| 020 | _a0071411895 (set MHID : pbk. : alk. paper) | ||
| 020 | _a9780071508117 (Book) | ||
| 020 | _a0071508112 (Book MHID) | ||
| 020 | _a9780071508124 (PDA Card) | ||
| 020 | _a0071508120 (PDA Card MHID) | ||
| 035 | _a(DNLM)101307311 | ||
| 040 |
_aDNLM/DLC _cDLC _dDLC |
||
| 042 | _apcc | ||
| 050 | 0 | 0 |
_aRC271.C5 _bHAR 2008 |
| 245 | 0 | 0 |
_aHarrison's manual of oncology / _c[edited by] Bruce A. Chabner, Thomas J. Lynch, Dan L. Longo. |
| 246 | 3 | 0 | _aManual of oncology |
| 260 |
_aNew York : _bMcGraw-Hill Medical, _cc2008. |
||
| 300 |
_axxi, 624 p. : _bill. ; _c21 cm. |
||
| 500 | _aDerived from Harrison's principles of internal medicine, 16th ed. | ||
| 504 | _aIncludes bibliographical references and index. | ||
| 650 | 0 |
_aCancer _xChemotherapy. |
|
| 650 | 0 | _aAntineoplastic agents. | |
| 650 | 1 | 2 |
_aNeoplasms _xdrug therapy. |
| 650 | 2 | 2 |
_aAntineoplastic Agents _xtherapeutic use. |
| 700 | 1 |
_aChabner, Bruce. _eeditor |
|
| 700 | 1 |
_aLynch, Thomas J. (Thomas James), 1960- _eeditor |
|
| 700 | 1 |
_aLongo, Dan L. _q(Dan Louis), _d1949- _eeditor |
|
| 730 | 0 | _aHarrison's principles of internal medicine. | |
| 856 | 4 | 1 |
_3Table of contents only _uhttp://www.loc.gov/catdir/enhancements/fy0726/2007020687-t.html |
| 856 | 4 | 2 |
_3Contributor biographical information _uhttp://www.loc.gov/catdir/enhancements/fy0726/2007020687-b.html |
| 856 | 4 | 2 |
_3Publisher description _uhttp://www.loc.gov/catdir/enhancements/fy0726/2007020687-d.html |
| 906 |
_a7 _bcbc _corignew _d1 _eecip _f20 _gy-gencatlg |
||
| 942 |
_2lcc _cBK _h271.C5 _iHAR _kRC |
||